| 000 | 01028nam a22003617a 4500 | ||
|---|---|---|---|
| 005 | 20250819180218.0 | ||
| 008 | 160225b2010 xxu||||| |||| 00| 0 spa d | ||
| 020 | _a9789587310429 | ||
| 041 | _aESP | ||
| 082 | _a345.05 M722v | ||
| 100 |
_aMolina Arrubla, Carlos Mario _95436 |
||
| 245 | _aLa víctima: en el proceso penal | ||
| 250 | _a2 edición | ||
| 260 | _aColombia | ||
| 260 | _bBiblioteca Jurídica Diké | ||
| 260 | _c2010 | ||
| 300 | _a468 páginas | ||
| 490 | _aInvestigación Criminal | ||
| 650 | _aVÍCTIMAS PENAL | ||
| 650 | _aVÍCTIMAS DE DELITOS | ||
| 650 | _aPROCEDIMIENTOS PENALES | ||
| 650 | _aDESARROLLO NORMATIVO | ||
| 650 | _aIMPLEMENTACIÓN LEGAL | ||
| 650 | _aPROTECCIÓN DE VÍCTIMAS | ||
| 650 | _aPROCESO PENAL | ||
| 650 | _aDERECHOS DE LAS VÍCTIMAS | ||
| 650 | _aDERECHO A LA INFORMACIÓN | ||
| 650 | _aDERECHO A LA ASISTENCIA | ||
| 650 | _aDERECHO A LA PROTECCIÓN | ||
| 650 | _aDERECHO A LA REPARACIÓN | ||
| 650 | _aINTERPRETACIÓN PROCESAL | ||
| 942 |
_cBK _2ddc |
||
| 999 |
_c7715 _d7715 |
||